000
nam a22 7a 4500
999
_c
329335
_d
329335
003
Nust
005
20170503114807.0
008
170503b xxu||||| |||| 00| 0 eng d
040
_c
DLC
082
_a
891.55 FAZ
100
_a
قاضی فضل حق
245
_a
روح نوین
260
_a
Lahore :
_b
Sang e meel Publisher,
300
_a
408p. :
942
_2
ddc
_c
BK